| 000 | 00656nas a2200205 i 4500 | ||
|---|---|---|---|
| 001 | 97036 | ||
| 003 | ES-MaACL | ||
| 005 | 20250217134826.0 | ||
| 007 | t| | ||
| 008 | 050705c1980 sp | |0010||pa d | ||
| 022 | _a2478-7493 | ||
| 245 | 0 | 0 |
_aManual de estadística agraria / _c[publicación elaborada por la Subdirección General de Estadística]. |
| 260 |
_aMadrid : _bMinisterio de Agricultura, _c1980- |
||
| 300 |
_a101 p. ; _c16 cm. |
||
| 650 | 4 |
_aAgricultura- _zEspaña- _vEstadísticas. _9143450 |
|
| 710 | 1 |
_aEspaña. _bMinisterio de Agricultura. _93837 |
|
| 852 |
_aES-MaACL _jA-10973 _bR.100585 |
||
| 866 | 0 | _o1980. | |
| 999 |
_c97036 _d97036 |
||